000 00635nam a2200253Ia 4500
005 20250425162134.0
008 250425s9999 xx 000 0 und d
020 _a8428326592
041 _aspa
082 _a621.56
100 _aWHITMAN, WILLIAM C.
245 0 _aTECNOLOGIA DE LA REFRIGERACION Y AIRE ACONDICIONADO: AIRE ACONDICIONADO
250 _a1A ED.
260 _aEspaƱa
_bPARANINFO
_c2000
260 _aMADRID
300 _a342
650 _aAIRE ACONDICIONADO
650 _aCALDERAS
650 _aCALEFACCION
650 _aREGULADORES
700 _aJOHNSON, WILLIAM M.
942 _c01
010 _a52411
999 _c223094
_d223094